Muslim politics in Bihar : (Record no. 85033)

MARC details
000 -LEADER
fixed length control field 00640nam a22001937a 4500
005 - DATE AND TIME OF LATEST TRANSACTION
control field 20140619111224.0
010 ## - LCCN (DPL NO)
LC control number ENG-110230
020 ## - INTERNATIONAL STANDARD BOOK NUMBER
International Standard Book Number 9781138020177
Terms of availability 995.00
035 ## - SYSTEM CONTROL NUMBER
System control number EN-93762
037 ## - SOURCE OF ACQUISITION
Source of stock number/acquisition DBAD/PUB
082 ## - DEWEY DECIMAL CLASSIFICATION NUMBER
Classification number 322.10954123
100 ## - MAIN ENTRY--PERSONAL NAME
Personal name Sajjad, Mohammad
245 ## - TITLE STATEMENT
Title Muslim politics in Bihar :
Statement of responsibility, etc by Mohammad Sajjad
Remainder of title changing contours /
260 ## - PUBLICATION, DISTRIBUTION, ETC. (IMPRINT)
Place of publication, distribution, etc New Delhi
Name of publisher, distributor, etc Routledge
Date of publication, distribution, etc 2014
270 ## - ADDRESS
Address 912, Tolstoy House, 15-17 Tolstoy Marg, Connaught Place
City New Delhi
Postal code 110001
300 ## - PHYSICAL DESCRIPTION
Extent xx,376p.
Dimensions 23cm(Hb)
500 ## - GENERAL NOTE
General note Includes bibliographical references and index
942 ## - ADDED ENTRY ELEMENTS (KOHA)
Source of classification or shelving scheme Dewey Decimal Classification
Item type English Books
Call number suffix SAJ
Classification part 322.10954123
Holdings
Withdrawn status Lost status Not for loan Collection code Home library Current library Date acquired Source of acquisition Cost, normal purchase price Full call number Barcode Copy number Cost, replacement price Koha item type
    Not For Loan Non-fiction D.B.Act.Division D.B.Act.Division 11/06/2014 DBAD/PUB 995.00 322.10954123 SAJ EN-93762 1 995.00 English Books

© Delhi Public Library
Hit Counter
free hit counter